000 00458nam a22001937a 4500
003 LK-CoMWRAF
005 20231006100225.0
008 230913b |||||||| |||| 00| 0 eng d
020 _a9551091000
040 _aLK-CoMWRAF
_dLK-CoMWRAF
_eLK-CoMWRAF
041 _aeng
082 _a297
_bUSU
100 _aUsuf, Mass I.
245 _aAn index to the Quran
260 _aColombo :
_bMass L. Usuf
300 _a405p
650 _aQuran--Index
942 _cBK
999 _c3562
_d3562